Представление документа в формате RUSMARC

ПолеНазваниеЗначение
  Тип записи a
  Библиографический уровень m
001 Контрольный номер a38090e9fb69485cb6fbfc0dad98658d
005 Дата корректировки 20140527165811.1
010 Индекс ISBN __
a ISBN 978-5-377-00858-3
101 Язык документа 0_
a Язык текста rus
102 Страна публикации __
a Страна публикации RU
200 Заглавие и сведения об ответственности 1_
a Заглавие Аудит
e Сведения, относящиеся к заглавию практ. пособие
f Первые сведения об ответственности Т. В. Шимаханская, В. А. Иванова, О. А. Кувекина
g Последующие сведения об ответственности Моск. акад. экон. и права
210 Выходные данные 1_
c Издательство Экзамен
a Место издания М.
d Дата издания 2008
215 Физическое описание __
a Объем 189, [1] с.
610 Ключевые слова 0_
a Ключевые слова аудит
610 Ключевые слова 0_
a Ключевые слова аудиторская проверка
610 Ключевые слова 0_
a Ключевые слова международные стандарты аудита
610 Ключевые слова 0_
a Ключевые слова практическое пособие
686 Индексы других классификаций __
a Классификационный индекс 65.052.9(2)215
2 Код системы rubbk
700 Автор _1
a Фамилия Шимаханская
b Имя Т. В.
g Полное личное имя Татьяна Викторовна
701 Альтернативная интеллектуальная ответственность _1
a Фамилия Иванова
b Имя В. А.
g Полное личное имя Вера Александровна
701 Альтернативная интеллектуальная ответственность _1
a Фамилия Кувекина
b Имя О. А.
g Полное личное имя Ольга Анатольевна
711 Наименование организации. (Альтернативная ответственность) 02
a Организация/ юрисдикция Моск. акад. экон. и права
801 Источник записи _0
a Страна RU
b Организация РУК
c Дата составления 20111213
g Правила каталогизации PSBO
801 Источник записи _1
a Страна RU
b Организация РУК
c Дата составления 20111213
g Правила каталогизации PSBO
852 Данные о местонахождении __
j Шифр хранения ББК 65.052
i Авторский знак Ш 61
901 Тип документа __
t Тип документа m
938 Служебная информация __
a Название организации Головной вуз
b Имя БД BOOK
c Название АИБС АИБС ИРБИС